000 00345 a2200157 4500
001 47590
020 _a9788536010977
040 _cAnchieta - Aquarius
100 _aCarrére, Gwénola
240 1 0 _aABC procura-se
_lpor
245 1 0 _aABC procura-se
300 _a48p.
362 0 _a2011
650 4 _aLiteratura infanto-juvenil
942 _cBK
999 _c47590
_d47590